Statistics for Bird Team Names in the Big Four

Click here to take the quiz!

General Stats

  • This quiz has been taken 36 times
  • The average score is 9 of 12

Answer Stats

Answer% Correct
Philadelphia Eagles
97%
Atlanta Hawks
94%
Atlanta Falcons
90%
Arizona Cardinals
87%
St. Louis Cardinals
87%
Baltimore Ravens
77%
Seattle Seahawks
74%
Toronto Blue Jays
74%
New Orleans Pelicans
65%
Pittsburgh Penguins
65%
Baltimore Orioles
58%
Anaheim Ducks
45%

Score Distribution

Percentile by Number Answered

Percent of People with Each Score

Your Score History

You have not taken this quiz